000 00593nam a2200229Ia 4500
003 OSt
005 20220928111733.0
006 a|||||r|||| 00| 0
007 ta
008 220927b |||||||| |||| 00| 0 eng d
024 _a44151
037 _cTextual
040 _aSDCL
_cSDCL
_beng
041 _2eng
_aeng
082 _aO152,1N:g, N7
100 _aUsha Kumari
_9424808
245 0 _aNai kavita ki chintan bhoomi.
260 _aNew Delhi
_bVani Prakshan
_c1997
300 _a96p
_ccm.
942 _hO152,1N:g, N7
_cTEXL
_2CC
999 _c741719
_d741719